Décodage : Alphabet chiffré - Statistiques

Statistiques générales
  • Ce quiz a été pris 53 fois
  • Le résultat moyen est 11 sur 15
Statistiques - réponses
Code Mot % Correct
1 3 20 5 acte
100%
1 9 4 5 aide
100%
1 9 7 12 5 aigle
100%
1 9 12 ail
100%
1 9 18 air
100%
1 12 7 21 5 algue
100%
1 13 5 âme
100%
1 13 15 14 20 amont
100%
1 13 15 21 18 amour
100%
1 15 21 20 août
100%
1 16 18 5 19 après
100%
1 18 2 18 5 arbre
100%
1 18 13 5 arme
100%
1 18 18 5 20 arrêt
100%
1 20 15 13 5 atome
100%
1 22 1 12 aval
100%
1 22 1 14 20 avant
100%
1 22 5 3 avec
100%
1 22 18 9 12 avril
100%
2 1 18 bar
100%
2 1 18 15 14 baron
100%
2 5 1 21 beau
100%
2 5 2 5 bébé
100%
2 5 20 5 bête
100%
2 15 1 boa
100%
2 15 24 5 boxe
100%
2 18 21 14 brun
100%
2 21 19 5 buse
100%
3 1 18 car
100%
3 1 22 5 cave
100%
3 5 3 9 ceci
100%
3 5 14 20 cent
100%
3 8 1 20 chat
100%
3 8 1 21 4 chaud
100%
3 8 9 5 14 chien
100%
3 8 15 3 choc
100%
3 8 15 19 5 chose
100%
3 8 21 20 5 chute
100%
3 12 5 clé
100%
3 12 21 2 club
100%
3 15 5 21 18 cœur
100%
3 15 12 12 5 colle
100%
3 15 14 20 5 conte
100%
3 15 21 cou
100%
3 15 21 16 coup
100%
3 15 21 20 coût
100%
3 18 1 9 5 craie
100%
4 1 13 5 dame
100%
4 1 18 4 dard
100%
4 5 13 9 demi
100%
4 9 5 21 dieu
100%
4 15 19 dos
100%
4 15 21 26 5 douze
100%
4 21 3 duc
100%
5 3 1 18 20 écart
100%
5 12 6 5 elfe
100%
5 12 12 5 elle
100%
5 14 3 18 5 encre
100%
5 14 6 5 18 enfer
100%
5 14 6 9 14 enfin
100%
5 16 9 épi
100%
6 1 3 5 face
100%
6 1 4 5 fade
100%
6 1 14 5 18 faner
100%
6 1 21 14 5 faune
100%
6 1 21 24 faux
100%
6 5 5 fée
100%
6 5 13 13 5 femme
100%
6 5 18 fer
100%
6 5 20 5 fête
100%
6 12 15 21 flou
100%
6 12 21 24 flux
100%
6 15 18 20 fort
100%
6 18 5 18 5 frère
100%
6 21 19 5 5 fusée
100%
7 1 14 20 gant
100%
7 1 26 gaz
100%
7 15 12 6 golf
100%
8 5 18 2 5 herbe
100%
8 9 2 15 21 hibou
100%
8 9 5 18 hier
100%
8 15 13 13 5 homme
100%
8 15 18 19 hors
100%
9 15 4 5 iode
100%
9 15 14 ion
100%
10 15 9 5 joie
100%
10 15 14 3 jonc
100%
12 1 13 1 lama
100%
12 1 22 5 lave
100%
12 5 14 20 lent
100%
12 9 5 14 lien
100%
12 9 5 21 lieu
100%
12 9 14 lin
100%
12 9 20 lit
100%
12 15 21 16 loup
100%
12 21 14 4 9 lundi
100%
12 21 14 5 lune
100%
12 25 14 24 lynx
100%
13 1 9 14 main
100%
13 1 9 19 mais
100%
13 5 13 15 mémo
100%
13 9 4 9 midi
100%
13 9 5 21 24 mieux
100%
13 9 14 5 mine
100%
13 15 9 19 mois
100%
13 15 20 mot
100%
13 21 12 15 20 mulot
100%
13 21 18 mur
100%
13 21 19 5 5 musée
100%
14 1 7 5 18 nager
100%
14 5 1 14 20 néant
100%
14 5 9 7 5 neige
100%
14 5 22 5 21 neveu
100%
14 5 26 nez
100%
14 9 5 3 5 nièce
100%
14 15 5 12 noël
100%
14 15 9 24 noix
100%
14 15 18 4 nord
100%
14 15 21 19 nous
100%
15 14 7 12 5 ongle
100%
15 14 26 5 onze
100%
15 18 or
100%
15 18 14 5 18 orner
100%
15 19 5 18 oser
100%
15 21
100%
15 21 9 oui
100%
16 1 9 14 pain
100%
16 1 9 24 paix
100%
16 1 15 14 paon
100%
16 1 16 5 pape
100%
16 1 16 9 papi
100%
16 1 18 9 pari
100%
16 5 19 5 18 peser
100%
16 5 20 9 20 petit
100%
16 5 21 18 peur
100%
16 9 3 pic
100%
16 9 5 3 5 pièce
100%
16 9 12 5 pile
100%
16 9 14 pin
100%
16 12 1 14 plan
100%
16 12 1 20 plat
100%
16 12 21 13 5 plume
100%
16 15 5 13 5 poème
100%
16 15 9 14 7 poing
100%
16 15 13 13 5 pomme
100%
16 15 14 5 25 poney
100%
16 18 21 14 5 prune
100%
17 21 1 9 quai
100%
17 21 5 21 5 queue
100%
17 21 9 qui
100%
17 21 15 9 quoi
100%
18 1 18 5 rare
100%
18 5 9 14 5 reine
100%
18 5 22 5 rêve
100%
18 9 26 riz
100%
18 15 2 5 robe
100%
18 15 19 5 rose
100%
18 21 2 9 19 rubis
100%
18 21 5 rue
100%
19 1 2 12 5 sable
100%
19 1 14 19 sans
100%
19 1 16 9 14 sapin
100%
19 1 21 20 saut
100%
19 1 22 15 14 savon
100%
19 3 9 5 scie
100%
19 5 1 21 seau
100%
19 5 16 20 sept
100%
19 9 si
100%
19 15 9 18 soir
100%
19 15 20 sot
100%
19 15 21 sou
100%
19 20 25 12 15 stylo
100%
19 21 3 suc
100%
19 21 3 5 18 sucer
100%
19 21 4 sud
100%
20 1 14 20 5 tante
100%
20 1 16 9 19 tapis
100%
20 1 18 4 tard
100%
20 5 14 20 5 tente
100%
20 15 21 20 tout
100%
20 18 1 9 14 train
100%
20 18 1 9 20 trait
100%
21 19 9 14 5 usine
100%
22 5 14 20 vent
100%
22 5 14 21 5 venue
100%
22 5 18 18 5 verre
100%
22 5 18 20 vert
100%
22 9 5 vie
100%
22 9 5 21 24 vieux
100%
22 9 20 5 vite
100%
22 9 22 5 vive
100%
22 15 9 12 5 voile
100%
22 15 21 19 vous
100%
9 12 19 ils
80%
1 12 12 5 18 aller
75%
2 9 3 8 5 biche
75%
3 1 4 18 5 cadre
75%
13 1 7 5 mage
75%
13 1 18 4 9 mardi
75%
18 9 5 14 rien
75%
21 14 un
75%
22 15 12 vol
75%
26 5 2 18 5 zèbre
75%
2 1 19 5 base
67%
2 9 19 5 bise
67%
2 12 15 14 4 blond
67%
3 1 7 5 cage
67%
3 9 12 cil
67%
7 5 14 19 gens
67%
10 5 21 14 5 jeune
67%
10 15 21 9 18 jouir
67%
10 15 21 18 jour
67%
16 1 25 19 pays
67%
16 9 5 4 pied
67%
16 15 9 12 poil
67%
18 15 9 roi
67%
20 18 5 19 très
67%
20 18 15 21 trou
67%
16 12 21 9 5 pluie
60%
1 18 5 14 5 arène
50%
2 9 5 18 5 bière
50%
2 15 21 18 7 bourg
50%
2 21 5 5 buée
50%
4 5 14 20 dent
50%
6 9 12 19 fils
50%
6 12 15 18 5 flore
50%
6 15 21 fou
50%
8 5 21 18 5 heure
50%
8 21 9 20 huit
50%
10 15 21 5 20 jouet
50%
12 5 22 5 18 lever
50%
12 9 18 5 lire
50%
12 15 9 14 loin
50%
12 15 14 7 long
50%
13 1 18 9 mari
50%
13 9 12 12 5 mille
50%
13 15 9 14 5 moine
50%
15 13 2 18 5 ombre
50%
16 1 7 5 page
50%
16 9 26 26 1 pizza
50%
16 12 15 13 2 plomb
50%
18 9 18 5 rire
50%
18 15 14 4 rond
50%
18 15 21 20 5 route
50%
20 9 19 19 21 tissu
50%
20 15 17 21 5 toque
50%
20 18 15 20 trot
50%
22 1 7 21 5 vague
50%
22 5 14 9 18 venir
50%
22 5 14 21 19 vénus
50%
22 9 14 vin
50%
22 15 9 18 voir
50%
22 18 1 9 vrai
50%
12 5 7 5 18 léger
33%
16 1 18 13 9 parmi
33%
22 21 5 vue
33%
1 3 9 5 18 acier
0%
1 9 13 5 18 aimer
0%
1 12 15 18 19 alors
0%
1 13 5 18 amer
0%
1 13 9 ami
0%
1 14 5 âne
0%
1 14 7 5 ange
0%
1 14 7 12 5 angle
0%
1 14 14 5 5 année
0%
1 18 20 art
0%
1 22 9 15 14 avion
0%
1 22 15 9 18 avoir
0%
1 24 5 axe
0%
2 1 12 bal
0%
2 1 12 1 9 balai
0%
2 5 3 bec
0%
2 5 12 12 5 belle
0%
2 9 5 14 bien
0%
2 9 10 15 21 bijou
0%
2 9 19 15 21 bisou
0%
2 12 1 14 3 blanc
0%
2 12 5 21 bleu
0%
2 15 5 21 6 bœuf
0%
2 15 9 18 5 boire
0%
2 15 9 19 bois
0%
2 15 9 20 5 boîte
0%
2 15 18 4 bord
0%
2 15 20 20 5 botte
0%
2 15 21 3 bouc
0%
2 15 21 5 boue
0%
2 18 1 19 bras
0%
2 18 21 14 5 brune
0%
2 21 19 bus
0%
3 1 16 cap
0%
3 1 18 18 5 carré
0%
3 1 18 20 5 carte
0%
3 5 18 6 cerf
0%
3 8 1 14 20 chant
0%
3 8 1 18 char
0%
3 8 9 3 chic
0%
3 8 9 15 20 chiot
0%
3 8 15 9 24 choix
0%
3 8 15 21 chou
0%
3 9 5 12 ciel
0%
3 9 14 17 cinq
0%
3 12 5 6 clef
0%
3 12 15 14 5 clône
0%
3 12 15 21 clou
0%
3 15 4 5 code
0%
3 15 17 coq
0%
3 15 18 cor
0%
3 15 18 14 5 corne
0%
3 15 18 16 19 corps
0%
3 15 21 4 5 coude
0%
3 15 21 18 20 court
0%
3 18 1 14 5 crâne
0%
3 18 9 5 18 crier
0%
3 18 15 9 24 croix
0%
3 21 9 18 5 cuire
0%
3 25 3 12 5 cycle
0%
4 5 21 24 deux
0%
4 9 24 dix
0%
4 15 4 21 dodu
0%
4 15 9 7 20 doigt
0%
4 15 14 3 donc
0%
4 18 1 16 drap
0%
4 21 5 12 duel
0%
4 21 18 dur
0%
5 1 21 eau
0%
5 13 15 9 émoi
0%
5 14 22 9 5 envie
0%
5 16 9 3 5 epice
0%
5 20 18 5 être
0%
5 21 18 15 euro
0%
6 1 9 13 faim
0%
6 1 15 14 faon
0%
6 5 18 13 5 ferme
0%
6 5 21 feu
0%
6 5 22 5 fève
0%
6 9 12 12 5 fille
0%
6 9 14 fin
0%
6 12 5 21 18 fleur
0%
6 15 18 5 20 forêt
0%
6 15 21 18 four
0%
6 18 1 9 19 frais
0%
6 18 9 20 5 frite
0%
6 18 15 9 4 froid
0%
6 18 15 14 20 front
0%
6 18 21 9 20 fruit
0%
6 21 9 18 fuir
0%
6 21 13 5 5 fumée
0%
6 21 19 9 12 fusil
0%
7 1 9 14 gain
0%
7 5 14 15 21 genou
0%
7 14 15 21 gnou
0%
7 15 2 5 18 gober
0%
7 15 13 13 5 gomme
0%
7 18 1 14 4 grand
0%
7 18 9 19 gris
0%
7 18 15 19 gros
0%
7 18 21 5 grue
0%
7 21 5 16 5 guèpe
0%
8 1 20 5 hâte
0%
8 21 9 12 5 huile
0%
8 25 5 14 5 hyène
0%
9 3 9 ici
0%
9 4 5 5 idée
0%
9 12 5 île
0%
9 14 4 5 24 index
0%
10 1 13 2 5 jambe
0%
10 1 21 14 5 jaune
0%
10 5 21 jeu
0%
10 5 21 4 9 jeudi
0%
10 15 21 5 18 jouer
0%
10 21 7 5 juge
0%
10 21 9 14 juin
0%
10 21 16 5 jupe
0%
11 1 25 1 11 kayak
0%
11 9 23 9 kiwi
0%
12 1 3 lac
0%
12 1 13 5 lame
0%
12 1 16 9 14 lapin
0%
12 1 18 13 5 larme
0%
12 9 13 5 lime
0%
12 9 15 14 lion
0%
12 15 9 loi
0%
12 15 20 lot
0%
12 15 21 18 4 lourd
0%
12 21 9 lui
0%
12 21 20 20 5 lutte
0%
13 1 9 mai
0%
13 1 13 9 5 mamie
0%
13 1 14 7 1 manga
0%
13 1 18 19 mars
0%
13 1 20 9 14 matin
0%
13 5 18 mer
0%
13 5 18 3 9 merci
0%
13 5 18 5 mère
0%
13 9 5 12 miel
0%
13 15 9 moi
0%
13 15 14 4 5 monde
0%
13 15 18 20 mort
0%
13 15 20 15 moto
0%
14 1 9 14 nain
0%
14 5 21 6 neuf
0%
14 15 9 18 noir
0%
14 15 14 non
0%
14 21 1 7 5 nuage
0%
14 21 17 21 5 nuque
0%
15 4 5 ode
0%
15 9 5 oie
0%
15 14 3 12 5 oncle
0%
15 14 4 5 onde
0%
15 18 4 18 5 ordre
0%
15 21 ou
0%
15 21 5 19 20 ouest
0%
15 21 18 19 ours
0%
15 22 21 12 5 ovule
0%
16 1 25 5 18 payer
0%
16 5 1 21 peau
0%
16 5 18 5 père
0%
16 5 18 9 18 périr
0%
16 5 20 pet
0%
16 9 5 21 pieu
0%
16 9 16 9 pipi
0%
16 12 5 9 14 plein
0%
16 12 9 pli
0%
16 15 9 4 19 poids
0%
16 15 14 20 pont
0%
16 15 18 3 porc
0%
16 15 18 5 pore
0%
16 15 18 20 port
0%
16 15 18 20 5 porte
0%
16 15 20 5 pote
0%
16 15 21 3 5 pouce
0%
16 18 9 5 18 prier
0%
16 18 9 24 prix
0%
17 21 1 14 4 quand
0%
18 1 3 5 race
0%
18 1 7 5 rage
0%
18 1 9 5 raie
0%
18 1 20 rat
0%
18 1 25 5 18 rayer
0%
18 15 3 roc
0%
18 15 20 rot
0%
18 15 21 7 5 rouge
0%
18 21 4 5 rude
0%
18 21 7 9 18 rugir
0%
19 1 3 sac
0%
19 1 9 14 20 saint
0%
19 1 14 7 sang
0%
19 1 21 6 sauf
0%
19 5 9 14 sein
0%
19 5 9 26 5 seize
0%
19 5 12 sel
0%
19 5 18 18 5 serre
0%
19 5 21 12 seul
0%
19 9 12 15 silo
0%
19 9 14 7 5 singe
0%
19 9 20 5 site
0%
19 9 24 six
0%
19 15 5 21 18 sœur
0%
19 15 10 1 soja
0%
19 15 12 sol
0%
19 15 21 18 4 sourd
0%
19 21 3 18 5 sucre
0%
19 21 3 18 5 sucré
0%
19 21 9 20 5 suite
0%
20 1 19 19 5 tasse
0%
20 5 18 18 5 terre
0%
20 5 20 5 tête
0%
20 9 3 tic
0%
20 9 7 5 tige
0%
20 15 9 20 toit
0%
20 15 18 19 5 torse
0%
20 15 20 tôt
0%
20 18 9 tri
0%
20 18 15 9 19 trois
0%
20 18 15 14 3 tronc
0%
20 18 15 16 trop
0%
20 18 21 9 5 truie
0%
20 21 5 18 tuer
0%
20 21 20 21 tutu
0%
21 19 21 18 5 usure
0%
22 1 3 8 5 vache
0%
22 1 19 5 vase
0%
22 5 1 21 veau
0%
22 5 9 14 5 veine
0%
22 5 12 15 vélo
0%
22 5 12 21 velu
0%
22 5 18 ver
0%
22 9 4 5 vide
0%
22 9 12 12 5 ville
0%
22 9 14 7 20 vingt
0%
22 9 22 18 5 vivre
0%
22 15 9 24 voix
0%
22 15 12 5 18 voler
0%
22 15 12 20 volt
0%
22 15 13 9 vomi
0%
22 15 20 5 vote
0%
23 1 7 15 14 wagon
0%
25 15 7 1 yoga
0%
26 5 18 15 zéro
0%
26 9 14 3 zinc
0%
26 15 14 5 zone
0%
Aucun quiz correspondant
Distribution des résultats
% des personnes avec chaque résultat
Percentile par nombre de réponses
Votre historique - résultats
Vous n’avez pas pris ce quiz